[Event "Hoogeveen Essent op"]
[Site "Hoogeveen"]
[Date "2006.10.27"]
[Round "8"]
[White "L'Ami, Erwin"]
[Black "Goloshchapov, Alexander"]
[Result "1-0"]
[WhiteElo "2593"]
[BlackElo "2552"]
[Annotator "L'Ami,E"]
[PlyCount "81"]
[EventDate "2006.10.21"]
[EventType "swiss"]
[EventRounds "9"]
[EventCountry "NED"]
[SourceTitle "CBM 116"]
[Source "ChessBase"]
[SourceDate "2007.02.01"]
[SourceVersion "1"]
[SourceVersionDate "2007.02.01"]
[SourceQuality "1"]

1. d4 Nf6 2. c4 e6 3. Nc3 Bb4 4. Nf3 b6 5. Qc2 Bb7 6. Bg5 O-O $5 ({The main
line runs} 6... h6 7. Bh4 g5 8. Bg3 Ne4 {when} 9. Be5 {deserves attention.}) 7.
e3 d6 8. Bd3 h6 9. Bh4 Nbd7 10. O-O-O Bxc3 11. Qxc3 Rc8 ({Black is preparing ..
.c5 but he may as well push this pawn immideately, for example;} 11... c5 12.
Bc2 $5 Qc7 ({the idea becomes clear after} 12... Rc8 $6 13. d5 $1 exd5 14. Bf5
{with initiative.}) (12... cxd4 13. Qxd4 d5 {is not possible because of} 14.
cxd5 Bxd5 15. e4 {winning material.}) 13. Bg3 (13. dxc5 Qxc5 (13... bxc5 14.
Bg3 e5 15. Nh4 d5 16. Nf5 d4 17. Qa3 {with completely unclear play.}) 14. Bg3
d5 {and I dont think Black experiences much difficulties.}) 13... Rfd8 14. Nd2
cxd4 15. exd4 Rac8 16. Kb1 Qc6 17. Qb4 e5 18. dxe5 Nxe5 19. f3 Nxc4 20. Nxc4
Qxc4 21. Qxc4 Rxc4 22. Rxd6 Rxd6 23. Bxd6 {with a pleasant edge in
Barlov-Dizdarevic, Bor 1986. I think somewhere around move 15 Black had to go
Nh5xg3 followed by d5.}) 12. Kb1 c5 13. d5 $5 exd5 14. Bf5 Rc7 15. cxd5 $5 ({
The fight for the initiative continues, worse is} 15. Bxd7 Qxd7 16. Bxf6 Qf5+
17. Ka1 Qxf6 (17... gxf6 $5) 18. Qxf6 gxf6 19. cxd5 f5 20. Nh4 Bc8 {and Black
is OK. (Kg7-f6, Bd7, b5-b4, a5 etc.)}) 15... Bxd5 16. Ka1 (16. Bxd7 Rxd7 17.
Bxf6 Be4+ $1 {was not the plan.}) 16... Qa8 17. Bg3 Ne8 $6 ({This is a bit
passive, preferable is} 17... Qc6 {when I was planning to continue} 18. Nh4 Re8
19. f3 Ne5 20. Bb1 b5 21. Nf5 {with some compensation for the pawn but hardly
more then that.}) 18. e4 $6 ({I wanted to 'punish' Black's last move but
simply better was} 18. Nh4 {with Bb1-Nf5 coming White has nice play for the
pawn.}) 18... Bxe4 19. Bxe4 Qxe4 20. Rhe1 Qf5 21. Nh4 Qh5 22. Qc2 $1 {
Preparing Nf5.} Nb8 $2 (22... Ne5 {was the right way to continue, I dont see
anything clear for White after} 23. Nf5 f6 {.}) 23. Nf5 Nc6 24. Bxd6 $1 ({
I think that} 24. Nxd6 Nd4 25. Qc1 {(keeping a Rxd4-threat alive)} Nxd6 26.
Bxd6 Rcc8 27. Bxf8 Rxf8 {gives Black very reasonable play for the exchange.
Besides, I didn't go through all this trouble getting my knight on f5 just to
exchange it the moment it got there.}) 24... Nb4 25. Qe4 Nxd6 26. Rxd6 c4 27.
g4 {White's strategy succeeded, but with time-trouble approaching strange
things can happen.} Qh3 (27... Qxh2 28. Rh1 Qxf2 29. Nxh6+ $1 {loses on the
spot.}) 28. Qe5 $2 ({Instead} 28. Red1 $1 {preparing Rd8, would have finished
the game:} Nd3 (28... Kh7 29. Ne7+ g6 30. Rxg6 fxg6 31. Nxg6 Kg8 32. Nxf8 $18)
(28... Kh8 29. Rxh6+ $1 gxh6 30. Qe5+ f6 31. Qxc7 Qxg4 32. Qd6 Rf7 (32... Nc2+
33. Kb1 Rf7 34. Qd8+ Kh7 35. Qd5 $18) 33. Ne3 $1 $18) 29. Qd4 f6 30. Rd8 $18)
28... Qxg4 29. h3 $6 ({Time influences the level of the moves. My idea was to
divert the queen from it's defensive duties. Better was} 29. f3 {with the idea}
Qg5 $6 30. h4 Qg2 31. Rd2 $1 {Black, however, can improve this line with 29...
Nc2+ 30.Kb1 Qxf5 31.Qxf5 Nxe1 which I would asses as a draw.}) 29... Qg5 $6 (
29... Qg2 $1 {was better, hiding from Rd2. That's why I should have moved my
f-pawn first and only then my h-pawn, not giving the Black queen the chance to
find a shelter.}) 30. f4 Qg2 31. Rd2 $1 Qg6 32. Qxc7 Qxf5 33. Qxc4 Qa5 $6 (
33... a5 {would have been tougher.}) 34. Re5 {forcing the exchange of queens,
despite time-trouble the rest was easy.} Qa6 35. Qxa6 Nxa6 36. Rd7 Nb8 37. Rc7
Rd8 38. a3 Na6 39. Rxa7 Nc5 40. Ree7 Ne6 41. f5 1-0

[Event "Dortmund SuperGM 23rd"]
[Site "Dortmund"]
[Date "1995.07.19"]
[Round "5"]
[White "Bareev, Evgeny"]
[Black "Leko, Peter"]
[Result "0-1"]
[WhiteElo "2650"]
[BlackElo "2605"]
[Annotator "Leko,P"]
[PlyCount "84"]
[EventDate "1995.07.14"]
[EventType "tourn"]
[EventRounds "9"]
[EventCountry "GER"]
[EventCategory "17"]
[SourceTitle "CBM 048"]
[Source "ChessBase"]
[SourceDate "1995.10.01"]
[SourceVersion "1"]
[SourceVersionDate "1995.10.01"]
[SourceQuality "1"]

1. d4 {Konikowski} Nf6 2. c4 e6 {This was a big surprise for Bareev. I played
this move for the first time in my life and prepared it especially for this
tournament. Eine große Überraschung für meinen Gegner, weil ich Damenindisch
noch nie zuvor gespielt habe. Diese Eröffnung habe ich speziell für dieses
Turnier vorbereitet.} 3. Nf3 b6 4. Nc3 Bb4 {I prefer this move to the more
often played Bb7 In meiner Vorbereitung hat mir dieser Zug bessser gefallen
als 4...Lb7 5.a3, womit ich noch keine große Erfahrung habe.} 5. Bg5 Bb7 6. e3
h6 7. Bh4 Bxc3+ 8. bxc3 d6 9. Nd2 g5 {Here one plays also 9...Qe7. After my
move Black has no problems at all.} 10. Bg3 Qe7 11. h4 Rg8 12. Rh2 $146 {
Ein merkwürdiger Zug, den man nicht empfehlen kann. In der 8.Runde verbesserte
Piket das Spiel gegen Lobron mit 12.hg5!? Ein klarer Tempoverlust. Besser wäre}
(12. hxg5 hxg5 13. Qa4+ (13. Qc2 Nc6 14. Be2 O-O-O 15. Nb3 Rh8 16. O-O-O $10 {
Allerdings gefällt mir der schwarze Aufbau sowieso besser, da das Läuferpaar
in einer geschlossenen Stellung wenig wert ist.}) 13... Qd7 14. Qa3 Nc6 15. Rh6
Qe7 $10) 12... Nc6 (12... Nbd7 13. hxg5 hxg5 14. Qa4 {and Black is not able to
castle.}) 13. Bd3 O-O-O 14. Qe2 Kb8 15. e4 {I think, that 15.e4 is not the
best move in this position. Better is 15.Nb3 Nd7 16.a4 f5 with an unclear
position. In Frage kam} (15. Nb3 {Leko} Nd7 $1 16. a4 f5 17. a5 Rdf8 $36 {
mit schwarzer Initiative am Königsflügel}) 15... Ka8 $1 (15... e5 $2 16. d5 Na5
17. Nb3 {Here I have to exchange the knight which gives White a preferable
pawn structure.}) 16. Nb3 e5 17. d5 Nb8 18. a4 a5 {The black plan is clear cut.
I would like to control c5 with Nfd7 and Na6.} 19. c5 {White has to push this
pawn. Otherwise he would be clearly worse. Eine traurige Entscheidung. Barejew
gibt freiwillig einen P, um seinen Bd3 aktivieren zu können.} (19. Rb1 {
Konikowski} Nfd7 20. f3 Na6 (20... Na6 {Konikowski Hätte Leko alles im Griff.
Jetzt sieht man deutlich die Schwäche des weißen Planes mit 12.Rh2?!}) 21. Bf2
Ndc5 22. Nxc5 Nxc5 23. Bxc5 dxc5 $15) (19. f3 Nh5) 19... dxc5 20. Rb1 Ne8 $1 {
N strebt nach d6 an, wovon er aktiv wirken kann.} 21. f3 Nd6 {Nun droht schon
22...c4! 23.Bxc4 Nxc4 24.Qxc4 Ba6 mit Damenfang. Also die weiße Antwort ist
praktisch gezwungen.} 22. Nd2 {Barejew intended to play 21. Bf2 with a
sacrifice on c5. But on this I have 22...c4 23.Bxc4 Nxc4 24.Qxc4 Ba6 and his
queen is captured.} (22. Bf2 c4 23. Bxc4 Nxc4 24. Qxc4 Ba6 {mit Damenfang.})
22... f6 {Black is now a good pawn up, but it s difficult to open up the
position. Schwarz hat einfach einen Bauern mehr und eine sehr solide Stellung,
aber es ist nicht so einfach, die weiße Stellung zu brechen.} 23. Rh1 Ka7 $1 {
With this move I want to exchange the white-squared B, which would be
favourable for me. Ein sehr guter Zug, da der Abtausch der weißfeldrigen B
günstig ist für mich.} 24. Bf2 Ba6 25. g4 {Interesting was 25.Bb5 on which I
planned 25...Bxb5 26.axb5 Nd7 with clear advantage for Black. My task now is
very difficult to crack the white position. In Betracht kam, mit} (25. Bb5 $5
Bxb5 26. axb5 Nd7 27. g4 {die Stellung geschlossen zu halten.}) 25... Bxd3 26.
Qxd3 Na6 {Vermeidet alle Opfer auf c5.} 27. Ke2 {It s better for White to
close the position with 27.h5, but then I have 27...c6 28.c4 Nb4 29.Qc3 Qb7 30.
Kf1 Qa6 and I will crash the white position. Erleichtert meine Aufgabe.
Bessere praktische Chancen bot 27.h5, aber dann ist} (27. h5 c6 28. c4 Nb4 29.
Qb3 Qb7 30. Kf1 Qa6 {ist auch sehr gut für mich.}) 27... Qd7 28. Qc2 h5 $1 {
With this move I destroy his whole central-structure and open up lines to
attack him. White is facing big problems to find a safe place for his K.
Schwarz ist zu einem sehr wichtigen Vorstoß gekommen und macht sich den
Umstand zunutze, daß der weiße K nicht rochiert hat. Dieser sehr starke
Durchbruch ist der wichtigste Zug der Partie. Der weiße König befindet sich in
großer Gefahr.} 29. gxh5 (29. hxg5 hxg4 30. gxf6 g3 31. Be3 Rdf8 32. Rh6 Qd8
$19) 29... g4 30. Rbg1 gxf3+ 31. Nxf3 Qh7 $1 {Dubbleattack on two weak sqares.
Blickt gleichzeitig auf e4 und auf h5} 32. Nd2 Qxh5+ 33. Ke1 f5 $1 {After this
move the white center doesnt exist any longer. Zerstört die Blockade des
Zentrums.} 34. Qd1 {Versucht die Damen zu tauschen, allerdings ohne Erfolg.} (
34. exf5 {Konikowski} e4 $1) 34... Qf7 35. Rxg8 Rxg8 36. Rg1 (36. Qf3 Rg4 $1
37. exf5 Rf4 $19 {führt auch zum weißen Verderben.}) 36... Rf8 37. Qf3 Qe8 $1 {
Now I am going to win the game. The queen is attacking the wing, where White
has no pieces to defend. Nun greift die Dame von der anderen Brettseite ein.}
38. Rg5 (38. exf5 Rxf5 39. Qg4 Rf4 {und aus.}) 38... fxe4 39. Qg3 Qxa4 40. Rxe5
Nc4 $1 {The final blow. Now it s really over. Der einfachste Weg zum Erfolg.}
41. Nxc4 (41. Rxe4 Qa1+ 42. Ke2 Nxd2 43. Kxd2 Qb2+ 44. Ke1 (44. Ke3 Qxc3+ {
und kaputt.} 45. Ke2 Qc2+ 46. Ke3 Nb4 47. Qxc7+ Ka6 $19) 44... Qb1+ $19) 41...
Qxc4 42. Qe3 a4 {White resigned, because he couldn`t stop the aP after 43.Rxe4
Qb3. und Weiß gab auf, weil nach 43.Txe4 Db3 entscheidet der aP den Kampf. Das
war mein bisher größter Skalp.} 0-1

[Event "EU-ch 12th"]
[Site "Aix les Bains"]
[Date "2011.04.02"]
[Round "11"]
[White "Gozzoli, Yannick"]
[Black "Thorfinnsson, Bragi"]
[Result "1-0"]
[WhiteElo "2543"]
[BlackElo "2417"]
[Annotator "Marchand,A/Primel,D"]
[PlyCount "53"]
[EventDate "2011.03.22"]
[EventType "swiss"]
[EventRounds "11"]
[EventCountry "FRA"]
[SourceTitle "CBM 142 Extra"]
[Source "ChessBase"]
[SourceDate "2011.06.27"]
[SourceVersion "1"]
[SourceVersionDate "2011.06.27"]
[SourceQuality "1"]
[TimeControl "40/5400+30:1800+30"]

1. d4 Nf6 2. c4 e6 3. Nc3 Bb4 4. Nf3 b6 5. Bg5 Bb7 6. e3 h6 7. Bh4 g5 (7...
Bxc3+) 8. Bg3 Ne4 9. Qc2 Bxc3+ 10. bxc3 d6 (10... Nxg3 11. hxg3 Nc6 $132 12.
Nd2 Qe7 {[%cal Ge8c8] ;Langeweg,K (2455)-Karpov,A (2690)/Amsterdam 1981/0-1})
11. Bd3 (11. Nd2) 11... f5 12. d5 Nd7 (12... Na6 $1 13. Bxe4 fxe4 14. Qxe4 Qf6
15. O-O (15. Qxe6+ $143 Qxe6 16. dxe6 Nc5 17. h4 Ke7 $15 {[%cal Ga8h8,Gc5e6]})
15... O-O-O (15... O-O 16. Rad1 Nc5 $11 {[%cal Gc5e6,Gc5e4] ;Wang Yue (2696)
-Alekseev,E (2689)/RUS-CHN Summit Men 4th 2007 (7)/1/2-1/2}) 16. Qxe6+ Qxe6 17.
dxe6 Bxf3 18. gxf3 Nc5 $44 {[%csl Gc5] ;Wang Yue (2689)-Adams,M (2729)/Baku
FIDE GP 2008 (8)/1/2-1/2}) 13. Nd4 {[%csl Re6]} ({RR} 13. Bxe4 fxe4 14. Qxe4
Qf6 15. O-O O-O-O 16. Qxe6 Qxe6 17. dxe6 Nc5 18. Nd4 Rde8 19. f3 Nxe6 20. e4 h5
21. h4 gxh4 22. Bxh4 Nf4 23. Bg3 Nd3 24. Rab1 Rhg8 25. Bh2 Ba6 26. Nf5 Ne5 27.
Bxe5 Rxe5 {Bacrot,E (2715)-Naiditsch,A (2623)/Noyon 2005/CBM 105 ext/1-0 (39)})
13... Ndc5 14. O-O (14. dxe6 Qf6 15. f3 f4 $13 16. Bxe4 Bxe4 17. fxe4 fxg3 18.
hxg3 O-O-O 19. Rf1 Qg6 20. e7 $36 Rde8 21. Nf5 Qe6 22. O-O-O Qxe4 {[%emt 0:33:
26] Peek,M (2367)-Greet,A (2439)/Hastings Masters op (3)/1/2-1/2} (22... Qxc4
$5)) (14. f3 Nxd3+ 15. Qxd3 Nc5 $132) 14... Qe7 $5 {Une idée récente} (14...
Qf6 {La grande ligne}) 15. f3 Nxg3 $6 $146 {L'idée de la nouveauté 14. Qe7
était de pouvoir jouer Nd3 au lieu de Ng3 et avec l'ordre de coups de la
partie, les Noirs vont perdre un tempo important en jouant Qe7f6 après Nf5} (
15... Nxd3 $142 16. Qxd3 Nc5 17. Qc2 O-O 18. dxe6 Qh7 $132 {[%cal Ga8e8,Gc5e6]
;Bacrot,E (2716)-Topalov,V (2803)/ Nanjing Pearl Spring 3rd 2010 (2)/1/2-1/2})
16. hxg3 exd5 17. Nxf5 $1 Qf6 {Perdant un tempo par rapport а la grande ligne
14. Qf6} (17... Qd7 $5 18. cxd5 (18. Nd4 $2 Nxd3 19. Qxd3 Ba6 {[%csl Rc4,Rd3]}
20. Qg6+ Qf7 $17) 18... Bxd5 (18... O-O-O 19. e4 $16) 19. Nd4 Nxd3 20. Qxd3
O-O-O $132) 18. cxd5 $36 O-O-O 19. e4 $36 {[%csl Gd5,Ge4]} h5 20. Qd2 (20. a4
h4 21. a5 (21. g4) 21... hxg3 22. Nxg3 Qe5 (22... Qh6 23. axb6) 23. Nf5 Kb8 (
23... g4)) 20... h4 21. g4 Qe5 22. Bc2 Rdf8 (22... h3 23. g3 Rdf8 {[%cal Gf8f5]
} 24. Qxg5 (24. a4 Rxf5 25. gxf5 Qxg3+ 26. Kh1 $13) 24... Qxc3) 23. Qd4 Qf4 $2
(23... Ba6 24. Qxe5 dxe5 25. Rfd1 Kd7 (25... h3 26. Ne7+) 26. a4 h3 27. Kh2 (
27. g3 Be2) 27... hxg2+ 28. Kxg2) 24. Ne7+ Kb8 25. Ng6 $18 Qg3 26. Nxh8 Ba6 27.
Ng6 1-0

[Event "Andorra op 15th"]
[Site "Andorra"]
[Date "1997.??.??"]
[Round "7"]
[White "Campos Moreno, Javier B"]
[Black "Marin, Mihail"]
[Result "1/2-1/2"]
[WhiteElo "2445"]
[BlackElo "2545"]
[Annotator "Marin,M"]
[PlyCount "122"]
[EventDate "1997.07.??"]
[EventType "swiss"]
[EventRounds "9"]
[EventCountry "AND"]
[SourceTitle "CBM 058 Extra"]
[Source "ChessBase"]
[SourceDate "1997.07.29"]
[SourceVersion "1"]
[SourceVersionDate "1997.07.29"]
[SourceQuality "1"]

1. d4 Nf6 2. c4 e6 3. Nc3 Bb4 4. Nf3 b6 5. Bg5 Bb7 6. e3 h6 7. Bh4 g5 8. Bg3
Ne4 9. Qc2 Bxc3+ 10. bxc3 Nxg3 11. fxg3 g4 12. Nh4 $14 Nc6 13. Bd3 Qf6 14. Qe2
h5 15. a4 Rh6 16. Rb1 d6 17. Be4 O-O-O 18. Bxc6 Bxc6 19. a5 Rg8 20. Ra1 Rg5 21.
axb6 axb6 22. Kd2 (22. e4 {/\Qe3}) 22... Qg7 23. Ra7 Rf6 24. c5 (24. Rha1 Qh7
25. c5 Qe4 $5 (25... dxc5 26. Qa6+ (26. Ra8+ Kd7) 26... Kd8 27. Ra8+ Bxa8 28.
Qxa8+ Kd7 29. Qa4+ Ke7 30. Qc6 Kf8 $19) 26. cxd6 Rb5 $40) 24... dxc5 25. Qa6+
Kd8 26. Rb1 $1 {(/\Rxb6)} (26. Ra1 Qh7 $17) 26... cxd4 $8 (26... Rf2+ 27. Ke1
Qf6 28. Rxb6 $1 Rf1+ 29. Qxf1 Qxf1+ 30. Kxf1 cxb6 31. Rxf7 $16) 27. Rxb6 $138 (
27. cxd4 Ra5) 27... dxe3+ $138 (27... dxc3+ $2 28. Ke1 $40) 28. Ke1 $8 (28.
Kxe3 Re5+ $40) (28. Ke2 Rf2+ 29. Kxe3 Qxc3+ 30. Kxf2 Qd4+ 31. Kf1 cxb6 $19)
28... Rf1+ $8 29. Kxf1 (29. Qxf1 Qxc3+) 29... Qf6+ (29... e2+ 30. Kxe2 Qe5+ 31.
Kf1 $18) 30. Nf3 e2+ 31. Kg1 (31. Kxe2 gxf3+) (31. Qxe2 cxb6) (31. Kf2 e1=Q+
32. Kxe1 Qxc3+ $40) 31... Qxf3 $1 32. Rb8+ (32. gxf3 e1=Q+ 33. Qf1 Qxf1+ 34.
Kxf1 cxb6) 32... Ke7 (32... Kd7 $2 33. Qc8+ Kd6 34. Qxc7+ Kc5 (34... Kd5 35.
Qd8+) 35. Qa5+ $18) 33. Rxc7+ $6 (33. gxf3 e1=Q+ 34. Qf1 Qe3+ (34... Qxf1+ 35.
Kxf1 gxf3 36. Rxc7+ Bd7 $14) 35. Qf2 Qc1+ $11) 33... Kd6 $1 (33... Kf6 34.
Rxf7+ Kxf7 35. Qa7+ Kf6 $11) 34. Rxc6+ $8 Qxc6 35. Qxe2 Qxc3 $17 36. Rb1 Rd5
37. Qa6+ Ke7 38. Kh1 f5 $6 (38... Kf6) 39. Qa8 Rd7 40. Qg8 Qd2 41. Rg1 $2 (41.
Qh7+ Kd6 $6 (41... Kd8 42. Qg8+ $11) 42. Qxh5 Kc5 43. Rg1 Kd4 44. Qe8 Rd6 45.
Qa4+ Kc3 46. Rb1 $18) 41... Qh6 $17 42. Rb1 Rc7 43. Rd1 Rd7 44. Rb1 Kf6 45. Re1
Re7 46. Rb1 Qg7 47. Qa8 Kf7 48. Qd8 Qf6 49. Kg1 Ra7 50. Qd1 Kg6 51. Qc1 Rd7 52.
Kh1 Qd4 53. Ra1 $6 Rc7 $1 54. Qe1 Qe4 55. Qa5 Rb7 56. Qa2 Kf6 57. Rg1 Kf7 58.
Qa1 Kg6 59. Qh8 Rb1 60. Qg8+ Kf6 61. Qf8+ Kg6 1/2-1/2

[Event "GBR-ch 97th"]
[Site "Canterbury"]
[Date "2010.08.06"]
[Round "11"]
[White "Wells, Peter K"]
[Black "Adams, Michael"]
[Result "1/2-1/2"]
[WhiteElo "2488"]
[BlackElo "2706"]
[Annotator "Martin,A"]
[PlyCount "60"]
[EventDate "2010.07.26"]
[EventType "swiss"]
[EventRounds "11"]
[EventCountry "ENG"]
[SourceTitle "CBM 137 Extra"]
[Source "ChessBase"]
[SourceDate "2010.09.01"]
[SourceVersion "1"]
[SourceVersionDate "2010.09.01"]
[SourceQuality "1"]

1. d4 Nf6 2. c4 e6 3. Nc3 Bb4 4. Nf3 b6 5. Bg5 {A throwback to the
Kasparv-Karpov matches of the 1980's. Interesting and very sharp positions
invariably arise from this line.} h6 6. Bh4 Bb7 7. Nd2 {White tries to arrange
a situation where he can play e2-e4 in one move.} Bxc3 8. bxc3 g5 9. Bg3 d6 10.
f3 Nc6 $5 {Quite a rare move by comparison with the alternatives below. If
White can time c4-c5 and Bb5 properly the knight on c6 could simply be on the
wrong square} (10... Qe7) (10... Nbd7) 11. h4 {Pressing without delay.} (11. e4
e5 (11... Qe7 12. Be2 Nh5 13. Qa4 Qd7 14. O-O-O Ne7 15. Qc2 Bc6 16. Bf2 Nf4 17.
Bf1 f5 18. g3 Ba4 19. Nb3 Nfg6 20. h4 gxh4 21. gxh4 h5 22. Be3 f4 23. Bf2 Qc8
24. Rg1 e5 25. Rg5 c5 26. dxc5 dxc5 27. Rd6 Kf7 28. Qd2 Kg7 29. Be1 Qc7 30. Bh3
Rad8 31. Rxd8 Rxd8 32. Qg2 Qd6 33. Kb2 Rh8 34. Bf5 Be8 35. Nd2 Bf7 36. Qf1 Kf8
37. Qe2 Rh6 38. Kc1 Be8 39. Nb3 Nh8 40. Bh3 Nf7 41. Rg1 Qd8 42. Bf2 Rd6 43. Kc2
Bd7 44. Bf1 Be6 45. Be1 Qd7 46. Qg2 Qa4 47. Kb2 Bxc4 48. Qg7+ Ke8 49. Bh3 Be6
50. Bxe6 Rxe6 51. Qh7 Rh6 52. Qg7 c4 53. Nd2 b5 54. Bf2 b4 55. Bc5 bxc3+ 56.
Kxc3 Rc6 57. Bxe7 Kxe7 58. Rg5 Qa5+ 59. Kc2 c3 {0-1 Piket,J (2605)-Karpov,A 
(2740)/Monte Carlo 1994/CBM 040 ext}) 12. d5 Na5 13. c5 dxc5 14. Bxe5 Qe7 15.
Bb5+ c6 16. dxc6 Bxc6 17. Bxc6+ Nxc6 18. Bg3 O-O-O 19. Qa4 Kb7 20. O-O-O Ne5
21. Nc4 Nxc4 22. Qxc4 a6 23. a4 Nh5 24. Rd5 Qe6 25. Rhd1 Nf6 26. Rxd8 {1/2-1/2
Purushothaman,T (2224)-Aloma Vidal,R (2341)/Balaguer 2007/CBM 119 ext}) 11...
Rg8 12. hxg5 hxg5 13. e4 Qe7 14. Qa4 O-O-O (14... Kf8 15. O-O-O Kg7 {is an
alternative way to try to regain control of the h file, but this gives White
the opportunity to play} 16. c5 $1 dxc5 17. Bb5 Na5 18. Nb3 Nxb3+ 19. Qxb3 {
[%csl Rf6,Rg7][%cal Gg3e5] with a strong initiative. White's main trump is his
dark-squared bishop which I imagine will appear on e5 before very long.}) 15.
c5 (15. O-O-O Kb8 16. Be2 Rh8 {is very comfortable for Black, so as he has to
try to win this game to get into the prize money, Wells goes for it.}) 15...
dxc5 16. Nb3 g4 $1 17. Nxc5 {It was not easy to find any alternatives:} (17.
Bh4 $6 {seems bad after} Rh8 18. e5 Rxh4 $1 19. Rxh4 Nd5 20. Rxg4 Ne3 {when
White's position is falling apart.} (20... Nxc3 21. Qc4 Nd5 22. dxc5 (22. Kf2
cxd4 $17) 22... Nxe5)) ({Meanwhile} 17. e5 {fails to} gxf3 $1 18. exf6 Qxf6 $19
) 17... bxc5 18. Rb1 (18. Ba6 Nb8 $1 {solves any Black problems.}) 18... Nb4 (
18... Ba8 $5 19. Ba6+ Kd7 {was a cold-blooded alternative. As usual, Mickey
chooses a practical approach blocking the approaches to his king}) 19. cxb4 c4
(19... gxf3 20. bxc5 $1 {opens lines just in time:} fxg2 21. Bxg2 Rxg3 22. Rxb7
Re3+ 23. Kd2 Qxc5 (23... Nxe4+ 24. Bxe4 Rxe4 25. Rb8+ Kxb8 26. Qb5+ Kc8 27.
Qa6+ Kd7 28. c6+ Ke8 29. Rh8+ Qf8 30. Rxf8+ Kxf8 31. Qxa7 Rexd4+ 32. Kc3 $13)
24. Kxe3 Qg5+ 25. Kd3 Qg3+ 26. Kc4 Kxb7 27. Qb5+ Kc8 28. Qa6+ Kd7 29. Qb5+ Ke7
30. Qc5+ Qd6 31. e5 $11) 20. Bf2 gxf3 21. gxf3 Nxe4 22. fxe4 Bxe4 {At this
point it is fair to say that most spectators thought that Wells was going to
lose. Both players were running very low on time and Black has strong threats.
To his great credit, White finds a way to keep the game on the boil.} 23. Rh5
$1 Bxb1 24. Bxc4 Rd5 {Shutting the game down rather than take any risk at all
after 24...Be4:} (24... Be4 $5 25. Ba6+ Bb7 26. Bxb7+ (26. Qb5 Bxa6 27. Qxa6+
Kd7) 26... Kxb7 27. Qb5+ Kc8 28. Qa6+ Kd7 29. Qa4+ c6 30. Qxa7+ Ke8 31. Qxe7+
Kxe7 32. Bh4+ f6 33. Rh7+ Kd6 34. Bxf6 Ra8 $19) 25. Bxd5 exd5+ 26. Re5 Qd6 27.
Re8+ (27. a3 $5) 27... Rxe8+ 28. Qxe8+ Kb7 29. Qb5+ Kc8 30. Qe8+ Kb7 {A game
which caused tremendous excitement among the viewing audience.} 1/2-1/2